000 01802cam a2200361 i 4500
999 _c1499
_d1499
001 19467163
003 OSt
005 20230103115721.0
008 170127s2017 oncab j b 001 0 eng
010 _a 2017000078
020 _a9780778728689 (reinforced library binding : alkaline paper)
020 _a9780778728757 (paperback : alkaline paper)
040 _aDLC
_beng
_cDLC
_erda
_dDLC
_dKH8
042 _apcc
043 _aa-cc---
082 0 0 _a931 SPE
_223
100 1 _aSpence, Kelly,
_eauthor.
_qauthor
245 1 0 _aAncient China inside out /
_cKelly Spence.
264 1 _aSt. Catharines, Ontario ;
_aNew York, New York :
_bCrabtree Publishing Company,
_c[2017]
300 _a32 pages :
_bcolor illustrations, color map ;
_c28 cm.
336 _atext
_btxt
_2rdacontent
337 _aunmediated
_bn
_2rdamedia
338 _avolume
_bnc
_2rdacarrier
490 0 _aAncient worlds inside out
504 _aIncludes bibliographical references (page 31) and index.
505 0 _aWho were the ancient Chinese? -- Digging up the past -- Food and farming -- Emperors and dynasties -- Everyday life -- Reading and writing -- Skilled craftspeople -- The three ways -- Engineering and structures -- Military and defense -- Trade and travel -- Enduring China -- Which way to go? -- Glossary.
651 0 _aChina
_xCivilization
_yTo 221 B.C.
_vJuvenile literature.
651 0 _aChina
_xCivilization
_y221 B.C.-960 A.D.
_vJuvenile literature.
776 0 8 _iOnline version:
_aSpence, Kelly, author.
_tAncient China inside out
_dSt. Catharines, Ontario : Crabtree Publishing Company, [2017]
_z9781427118455
_w(DLC) 2017004860
906 _a7
_bcbc
_corignew
_d1
_eecip
_f20
_gy-gencatlg
942 _2ddc
_cNFIC